Pressefotografien erschliessen
| Titel: | Pressefotografien erschliessen |
|---|---|
| Verfasser: | |
| In: |
Arbido, Heft 2 (2014), Seite 16-18 alle Artikel anzeigen |
| Veröffentlicht: | 2014 |
| Format: | Aufsatz |
X
alg: 44204109 001A $03036:30-01-19 001B $01999:30-01-19 $t23:09:06.000 001D $03036:30-01-19 001U $0utf8 001X $00 002@ $0Aox 003@ $0442041098 007A $0442041098 $aHEB 007T $0ArchMa22289 011@ $a2014 021A $aPressefotografien erschliessen 028A $aMathys $dNora 031A $e2 $h16-18 $j2014 039B $aIn $8--Abvc--. Arbido. - Bern : Stämpfli, 1995-2016. - ISSN 1420-102X $x201400000000002984 $9048657298 045T $a24,1 lok: 44204109 105 exp: 44204109 105 1 #EPN 201B/01 $020-02-25 $t10:32:27.000 201C/01 $030-01-19 201U/01 $0utf8 203@/01 $01042427232 208@/01 $a13-12-18 $be 209A/01 $a/ $f106 $x00 245Z/01 $a2.08.01. $bArchivwissenschaft und Archivtheorie / Erschließung $x01 245Z/01 $a2.16.04.03. $bArchivwissenschaft und Archivtheorie / Archivaliengattungen / Bild- und Tonträger / Fotos $x02 247C/01 $8->Marburg, Bibliographie zum Archivwesen der Archivschule Marburg $939588196X
| LEADER | 00000caa a22000002c 4500 | ||
|---|---|---|---|
| 001 | 442041098 | ||
| 003 | DE-603 | ||
| 005 | 20190130230906.0 | ||
| 007 | tu | ||
| 008 | 190130s2014 xx |||| | u00||u|und c | ||
| 035 | |a (DE-599)HEB442041098 | ||
| 040 | |a DE-603 |b ger |c DE-603 |d DE-603 | ||
| 084 | |a 24,1 |2 ssgn | ||
| 100 | 1 | |a Mathys, Nora | |
| 245 | 0 | 0 | |a Pressefotografien erschliessen |
| 264 | 0 | |c 2014 | |
| 773 | 0 | 8 | |i In |t Arbido |d Bern : Stämpfli, 1995-2016 |x 1420-102X |g Heft 2 (2014), Seite 16-18 |w (DE-603)048657298 |w (DE-600)1221449-8 |
| 924 | 0 | |9 - |a (DE-603)1042427232 |b DE- |c HES |d d |g / | |